<?xml version="1.0" encoding="UTF-8"?>
<marc:record xmlns:marc="http://www.loc.gov/MARC21/slim">
   <marc:leader>00000nam a2200000 a 4500</marc:leader>
   <marc:datafield ind1="1" ind2=" " tag="100">
      <marc:subfield code="a">Wiechmann, Heike</marc:subfield>
      <marc:subfield code="4">aut</marc:subfield>
      <marc:subfield code="e">Verfasser/-in</marc:subfield>
   </marc:datafield>
   <marc:datafield ind1=" " ind2=" " tag="653">
      <marc:subfield code="a">Kinderbuch</marc:subfield>
   </marc:datafield>
   <marc:datafield ind1=" " ind2=" " tag="653">
      <marc:subfield code="a">Erstlesealter, Vorschulalter</marc:subfield>
   </marc:datafield>
   <marc:datafield ind1="0" ind2="0" tag="245">
      <marc:subfield code="a">Das Geheimnis der Räuberhöhle</marc:subfield>
   </marc:datafield>
   <marc:datafield ind1="0" ind2="0" tag="245">
      <marc:subfield code="c">Wiechmann, Heike</marc:subfield>
   </marc:datafield>
   <marc:datafield ind1=" " ind2="1" tag="264">
      <marc:subfield code="a">Bindlach</marc:subfield>
      <marc:subfield code="b">Loewe</marc:subfield>
      <marc:subfield code="c">2020</marc:subfield>
   </marc:datafield>
   <marc:datafield ind1="1" ind2=" " tag="490">
      <marc:subfield code="a">Leselöwen</marc:subfield>
   </marc:datafield>
   <marc:datafield ind1=" " ind2=" " tag="250">
      <marc:subfield code="a">1. Auflage</marc:subfield>
   </marc:datafield>
   <marc:datafield ind1="1" ind2=" " tag="520">
      <marc:subfield code="a">Angaben aus der Verlagsmeldung 

 

  Leselöwen 2. Klasse - Das Geheimnis der Räuberhöhle / von Heike Wiechmann 

 
Tim und seine Familie fahren in den Ferien auf den Campingplatz. Im Wald soll angeblich ein Räuberschatz vergraben sein. Tim geht auf Entdeckungstour und erlebt ein echtes Räuberabenteuer! 



Mit den Kinderbüchern der Reihe 
 Leselöwen
  für die 2. Klasse haben geübtere Erstleser großen Spaß beim Lesenlernen: 

- Dank eines ausgewogenen Text-Bild-Verhältnisses und großer Fibelschrift können Kinder ab 7 Jahren den Inhalt spielend leicht erfassen. 

- Durch die begleitenden Informationen und Erklärungen vertiefen sie darüber hinaus ihr Allgemeinwissen. 

- Ihr Textverständnis können sie mit den Rätseln im Buch und den Quizfragen auf www.antolin.de überprüfen. 

- Die beliebten Themen der Bücher begeistern sowohl Mädchen als auch Jungen – und die Sticker sorgen für zusätzlichen Spaß! 

- Auf www.leseloewen.de gibt es dazu Spielspaß, kostenlose Downloads und spannende Leseproben.</marc:subfield>
   </marc:datafield>
   <marc:datafield ind1=" " ind2=" " tag="020">
      <marc:subfield code="a">9783743205093</marc:subfield>
      <marc:subfield code="9">9783743205093</marc:subfield>
   </marc:datafield>
   <marc:datafield ind1=" " ind2=" " tag="020">
      <marc:subfield code="a">3743205092</marc:subfield>
      <marc:subfield code="9">3743205092</marc:subfield>
   </marc:datafield>
   <marc:datafield ind1=" " ind2=" " tag="041">
      <marc:subfield code="a">ger</marc:subfield>
   </marc:datafield>
   <marc:datafield ind1=" " ind2=" " tag="300">
      <marc:subfield code="b">Illustrationen</marc:subfield>
   </marc:datafield>
   <marc:datafield ind1="1" ind2=" " tag="521">
      <marc:subfield code="a">Leseanfänger</marc:subfield>
   </marc:datafield>
   <marc:datafield ind1=" " ind2=" " tag="338">
      <marc:subfield code="a">Band</marc:subfield>
   </marc:datafield>
   <marc:datafield ind1=" " ind2=" " tag="300">
      <marc:subfield code="a">59 Seiten</marc:subfield>
   </marc:datafield>
</marc:record>
